Statistics for Countries 2 Borders Away: Netherlands

Click here to take the quiz!

General Stats

  • This quiz has been taken 16 times
  • The average score is 11 of 12

Answer Stats

Country% Correct
Austria
100%
Poland
100%
Switzerland
100%
Andorra
93%
Czechia
93%
Denmark
93%
Monaco
93%
Spain
93%
Italy
80%
Luxembourg
80%
Suriname
73%
Brazil
67%

Score Distribution

Percentile by Number Answered

Percent of People with Each Score

Your Score History

You have not taken this quiz